Efecto del tipo de curado en la resistencia a la comprensión, el cambio de logitud y retención de agua de un concreto hidráulico
Kaydedildi:
| Yazar: | |
|---|---|
| Materyal Türü: | Kitap |
| Dil: | Spanish |
| Baskı/Yayın Bilgisi: |
San José, Costa Rica
2018
|
| Konular: | |
| Etiketler: |
Etiketle
Etiket eklenmemiş, İlk siz ekleyin!
|
MARC
| LEADER | 00000nam a22000007a 4500 | ||
|---|---|---|---|
| 003 | 012924 | ||
| 005 | 20221231144348.0 | ||
| 008 | 180911b2018 cr a|||| ||m| 00| ||spa d | ||
| 040 | |c cru CEDI | ||
| 090 | |a TFG 8076 | ||
| 100 | |9 13816 |a Corrales Arias, Rosita | ||
| 245 | |a Efecto del tipo de curado en la resistencia a la comprensión, el cambio de logitud y retención de agua de un concreto hidráulico | ||
| 260 | |a San José, Costa Rica |c 2018 | ||
| 300 | |a xi, 87 hojas :ilustraciones a color | ||
| 500 | |a Proyecto de graduación (licenciatura en ingeniería civil)--Universidad de Costa Rica. Facultad de Ingeniería. Escuela de Ingeniería Civil | ||
| 501 | |a Directora del Proyecto: Ing. Flor de María Muñoz Umaña. M. Ing. I.C. | ||
| 650 | |x HORMIGON ARMADO |x MATERIALES DE CONSTRUCCION |x RESISTENCIA DE MATERIALES |9 13820 | ||
| 942 | |c TFG |2 ddc | ||
| 999 | |c 20744 |d 20744 | ||
